000
00306nam a2200109Ia 4500
008
200302s9999 xx 000 0 und d
100
_a
Chase Powers
245
_a
Bathrooms A Professional's Illustrated Design and Remodeling Guide
260
_b
Tata Mcgraw-Hill Com. Ltd.
260
_c
1976
300
_a
371 P.,
999
_c
1460
_d
1460